In 3 Words: '80s and '90s Television Shows Quiz Stats

 Plays Quiz Updated Aug 4, 2019

Score 0/58 Timer 10:00
2 Plays Today
Three Words TV Shows % Correct
D'oh, Springfield, KrustyThe Simpsons
87%
Boston, Woody, NormCheers
85.6%
Clooney, Hospital, CarterER
85.2%
Data, Enterprise, PicardStar Trek: The Next Generation
83.4%
Lansbury, Writer, MaineMurder, She Wrote
83.3%
Kramer, NYC, FestivusSeinfeld
83.2%
Obstetrician, Lawyer, HuxtableThe Cosby Show
83%
Seattle, Psychiatrist, DaphneFrasier
81.4%
Hasselhoff, KITT, FLAGKnight Rider
81.2%
Bing, Apartments, GuntherFriends
80.7%
T, Commandos, HannibalThe A-Team
80.1%
Romano, Parents, SportswriterEverybody Loves Raymond
79.8%
Philadelphia, California, CarltonThe Fresh Prince of Bel-Air
79.6%
Bud, Kelly, AlMarried... with Children
78.5%
Solomons, Aliens, Lithgow3rd Rock from the Sun
78.1%
Uncles, DJ, StamosFull House
77.1%
Tools, Wilson, BinfordHome Improvement
77%
Ferrari, Hawaii, MoustacheMagnum, PI
76.7%
Drugs, Florida, CrockettMiami Vice
76.2%
Miami, Housemates, SeniorsGolden Girls
75.6%
Alien, Cats, MelmacALF
75.2%
Conners, Lottery, BeckyRoseanne
75.1%
Screech, Bayside, LopezSaved by the Bell
74.6%
Danza, Housekeeper, MilanoWho's the Boss
71.3%
Brenda, SoCal, SpellingBeverly Hills, 90210
70.7%
Harry, Bull, JudgeNight Court
70.1%
Savage, Winnie, VietnamThe Wonder Years
70%
Depp, Undercover, School21 Jump Street
69.8%
Keatons, Liberals, RepublicanFamily Ties
69%
Three Words TV Shows % Correct
Chicago, Winslows, UrkelFamily Matters
68.5%
Doctor, Teenager, DiaryDoogie Howser, MD
64.6%
Airline, Brothers, ShalhoubWings
63.2%
Bakula, Physicist, HologramQuantum Leap
62.6%
Fagerbakke, Football, MinnesotaCoach
62.3%
Tyne, Cops, WomenCagney and Lacey
61.1%
Atlanta, Sugarbaker, BurkeDesigning Women
58.6%
Maddie, Detectives, BruceMoonlighting
57.9%
Carringtons, Denver, AlexisDynasty
57.5%
Cousins, Balki, LarryPerfect Strangers
56.5%
Larry, Daryl, DarylNewhart
55%
Seavers, DiCaprio, ThickeGrowing Pains
54.8%
Journalist, FYI, PregnancyMurphy Brown
54%
Arnie, Attorneys, CaliforniaL.A. Law
53.2%
Crossdressers, Buffy, HanksBosom Buddies
52.4%
Schroder, Ribeiro, ToysSilver Spoons
49.4%
Police, Furillo, BochcoHill Street Blues
49.2%
Brosnan, Detectives, ZimbalistRemington Steele
47.2%
Resourceful, Murdoc, MulletMacGyver
46.1%
Eligius, Doctors, HarmonSt. Elsewhere
43.5%
Newlyweds, Buchmans, MurrayMad About You
43.2%
Papadopolis, Adopted, EmmanuelWebster
41.7%
Griffith, Lawyer, ThriftyMatlock
39.2%
Landon, Angel, WinglessHighway to Heaven
37.8%
Katt, Teacher, SupersuitThe Greatest American Hero
36.8%
Evigan, Daughter, PaternityMy Two Dads
35.4%
Butler, Uecker, PittsburghMr. Belvedere
32.9%
Hesseman, Givens, HonorsHead of the Class
32.6%
Majors, Stunts, BountiesThe Fall Guy
31.5%

You're not logged in!

Compare scores with friends on all Sporcle quizzes.
OR
Log In

Sporcle TV

Today on Sporcle TV


Watch our educational content, quiz creation guides, and fun videos on Sporcle TV.

Show Comments

Extras

Top Quizzes Today


Score Distribution

Your Account Isn't Verified!

In order to create a playlist on Sporcle, you need to verify the email address you used during registration. Go to your Sporcle Settings to finish the process.

Report this User

Report this user for behavior that violates our Community Guidelines.

Details: